Responses for show #3501 - Monday, November 22, 1999

Contestants

[<< previous game]

Dan McNamee, a microbiologist from Temecula, California

Robert Guzzo, a teaching assistant from Los Angeles, California

Janet Leach, a production control specialist from Greenland, New Hampshire (whose 3-day cash winnings total $29,800)

[next game >>]

Jeopardy! Round responses

IT COMES WITH THE TERRITORY
DISNEY VILLAINS
(Alex: We'll give you the villain, you name the movie.)
A BUNCH OF "GREAT" LEADERS
PULL
SHIRLEY
YOU MUST BE JOKING
    $100 14
New Zealand

Janet
    $100 6
Aladdin

Robert
    $100 18
Alexander the Great

Robert
    $100 22
(Dan: What is...)

Strings

RobertDan
    $100 17
Shirley Jones

Robert
    $100 1
Microwave

Dan
    $200 15
Yukon Territory

Robert
    $200 7
The Little Mermaid

Robert
    $200 11
Catherine the Great

Dan
    $200 23
(R: What is pull out?)

Pull up stakes

RobertDan
    $200 27
Cindy Williams

Dan
    $200 2
"OK, you're a cab!"

Dan
    $300 19
Penal colony

Janet
    $300 8
The Lion King

Robert
    $400 12
(D: Who is William the Conqueror?)

Alfred the Great

Dan
    $300 24
(minute to go...)

Ropes

Robert
    $300 28
Garbage

Dan
    $300 3
Snail

Janet
    $400 20
Virgin Islands

Janet
    $400 9
Tarzan

Triple Stumper
    $400 13
Peter the Great

Janet
    $400 25
Press

Triple Stumper
    $400 29
Shirley Jackson

Robert
    $400 4
Jose, can you see by the dawn's early light

Janet
    $500 21
Coral Sea

Triple Stumper
    $500 10
The Jungle Book

Robert
    $500 16
Frederick the Great

Robert
    $500 26
Pull tab

Dan
    $500 30
Shirley Bassey

Robert
    $500 5
(Alex: You're absolutely right, and you did it (Groucho imitation) well, too!)

"How he got in my pajamas, I'll never know!"

Robert

Scores at the first commercial break (after clue 15):

Janet Robert Dan
$1,200 $1,800 $100

Scores at the end of the Jeopardy! Round:

Janet Robert Dan
$1,900 $3,600 $1,200

Double Jeopardy! Round responses

FUN WITH OPERA
AUDIO BOOKS
TELEVISION
CAMBRIDGE UNIVERSITY
LITERARY EPITAPHS
(Alex: You have to name the character in this category.)
"CAR" PARK
    $200 5
"The Seven Deadly Sins"

Robert
    $200 10
Anne Frank

Robert
    $200 1
David Duchovny

Janet
    $200 12
Prince Charles

Janet
    $200 17
(R: Who is Polonius?)

King Lear

Robert
Triple Stumper
    $200 22
The Vicar

Triple Stumper
    $400 6
A circus ape

Triple Stumper
    $400 2
(D: What is "Fame?")

The Drew Carey Show

JanetDan
    $400 13
Henry VIII

Robert
    $400 18
Harry "Rabbit" Angstrom

Dan
    $400 23
(D: Who is the...(time)?)

Scarecrow

JanetDan
    $600 7
(D: What is a dance?)

Bathing in a creek

RobertDan
    $1,200 3
Atlanta

Janet
    $600 14
Bridge of Sighs

Robert
    $600 19
Willy Loman

Dan
    $800 8
"Pilgrim's Progress"

Janet
    $800 4
Blush

Robert
    $800 15
(D: Who is Thomas Wolfe?)

William Makepeace Thackeray

Dan
Triple Stumper
    $1,000 20
Mr. Chips

Dan
    $800 25
(J: What is Bacharach?)
(buzzer sounds)

Baccarat

Janet
Triple Stumper
    $1000 9
Maurice Ravel

Janet
    $1000 11
Antony & Cleopatra

Robert
    $1000 16
(R: Who is Van Eyck?)

Peter Paul Rubens

Robert
Triple Stumper
    $1000 21
(J: Who is George Leakey?)
(one minute to go...)

Francis Macomber

Janet
Triple Stumper
    $1000 24
(R: What is a caribou?)

Peccary

Robert
Triple Stumper

Scores at the end of the Double Jeopardy! Round:

Janet Robert Dan
$4,300 $5,200 $1,000

[wagering suggestions for these scores]

Final Jeopardy! Round responses

FAMOUS WEDDINGS
DanWho are the Duke of Windsor & Mrs. Simpson?
$1,000
JanetWho are Queen Elizabeth & Edward?
$4,299
RobertWho is Elizabeth & Albert?
$3,400
The Duke of Windsor (former King Edward VIII) & Wallis Simpson

Final scores:

Janet Robert Dan
$1 $1,800 $2,000
3rd place: Samsung Evoca 140S Camera 2nd place: Zenith 36" Stereo TV & DirecTV Satellite System New champion: $2,000

Game dynamics:

Coryat scores:

Janet Robert Dan
$3,700 $5,200 $1,200
13 R
(including 1 DD),
2 W
20 R,
4 W
10 R
(including 1 DD),
6 W
(including 1 DD)

Combined Coryat: $10,100

The J! Archive is created by fans, for fans. The Jeopardy! game show and all elements thereof, including but not limited to copyright and trademark thereto, are the property of Jeopardy Productions, Inc. and are protected under law. This website is not affiliated with, sponsored by, or operated by Jeopardy Productions, Inc. Join the discussion at JBoard.tv.